{"text_format":"3","workbook":"xls","n_sheets":1,"sheets":["Sheet1"],"not_rendered":{"external_links":1,"defined_names":2},"read":"whole","date_system":"1900","formulas":"cached_only"}

{"sheet":"Sheet1","index":0,"n_rows":29,"n_cols":9,"rows_kept":29,"merged":[[0,0,0,8],[2,0,2,2],[5,0,5,2],[18,0,18,2],[20,0,20,2],[28,0,35,8]],"flags":["formulas_cached_only"]}
["上饶市中心城区排水防涝提升工程信州大道（紫阳北大道~凤凰东大道）段劳务分包工程量清单"]
["细目号","细目名称","单位","暂定工程量","控制单价（元）","控制合价（元）","主要工作内容","计量规则","备注"]
["1、总则"]
["1","安全生产及行车干扰费","项",{"v":1,"d":"1.00"},3675.56,{"v":3676,"d":"3676.00"},"    购买作业人员安全帽、反光衣、人身保险费，使用施工现场安全围挡、安全标识标牌、摆放安全锥等安全设施设置、维护及转场，洒水降尘，安全锥、限速牌、导向牌、警示牌、爆闪灯按甲方要求维护并使用，施工路段交通指挥、疏导等与安全有关的工作内容。","本项是在本劳务分包工程量清单各细目综合单价中已包含安全经费的基础上综合考虑再增设的费用。本细目按计量进度支付。"]
[2,"施工环保费","项",{"v":1,"d":"1.00"},7351.12,{"v":7351,"d":"7351.00"},"施工现场等本工区范围内的洒水降尘、河道等水系污染的清理、水土保持、各种污染物、噪声、有害气体等的处理等与环境保护、文明施工相关的所有工作内容。","本项是在本劳务分包工程量清单各细目综合单价中已包含施工环保费用的基础上综合考虑再增设的费用。本细目按计量进度支付。"]
["2、土建部分"]
["3","破除路面","m3",119.53,31.71,{"v":3790,"d":"3790.00"},"    路面切割、机械挖除、清理工作面、挖、装、场内运输、废料清理等所有与破除路面有关的工作内容。","        依据图纸所示，经现场实际验收为准，采用平均断面面积法计算，按照天然密实体积按双方核定的设计（含变更设计）内的数量以立方米为单位计量； 路面切割、破碎、挖除、场内运输、废料清理等费用已含在综合单价中，不另行计量；安全防护及交通维护措施、安全人员、进出车辆冲洗（含社会车辆）等所需费用已含在综合单价中，不另行计量。\n"]
["4","挖土方\n","m3",2156.39,{"v":7.5,"d":"7.50"},{"v":16173,"d":"16173.00"},"沟槽开挖、装、二次转运、槽底处理、临时支护、弃土石方整型、施工排水处理等所有与挖土石方有关的工作内容。","依据图纸所示，经现场实际验收合格，采用平均断面面积法计算，按照天然密实体积按双方核定的设计（含变更设计）内的数量以立方米为单位计量；沟槽开挖、装、二次转运、槽底处理、临时支护、弃土石方整型、施工排水处理；安全防护及交通维护措施费等作为挖土方的附属工作，不另行计量。\n"]
["5","挖石方\n","m3",{"v":200,"d":"200.00"},41.72,{"v":8344,"d":"8344.00"},"沟槽开挖、装、二次转运、槽底处理、临时支护、弃土石方整型、施工排水处理等所有与挖土石方有关的工作内容。","依据图纸所示，经现场实际验收合格，采用平均断面面积法计算，按照天然密实体积按双方核定的设计（含变更设计）内的数量以立方米为单位计量；沟槽开挖、装、二次转运、槽底处理、临时支护、弃土石方整型、施工排水处理；安全防护及交通维护措施费等作为挖土方的附属工作，不另行计量。\n"]
["6","土石方运输  （10km包干）","m3",773.48,25.03,{"v":19360,"d":"19360.00"},"土方、石方运输至弃土场及本工区社会车辆通行路段及施工点洒水抑尘；施工点运至弃土场沿线道路的清扫、清洗、抑尘、防止溃散、途中检查、各种污染物、噪声等的处理；弃土场整平及临时排水、弃土场污染处理、弃土整型、压实、进出车辆冲洗（含社会车辆）等所有与之有关的工作内容。","依据图纸所示，经现场实际验收为准，采用平均断面面积法计算，按照天然密实体积按双方核定的实际发生的数量以立方米为单位计量；本工区社会车辆通行路段及施工点洒水抑尘、进出车辆冲洗（含社会车辆）等费用已含在综合单价中，不另行计量；安全防护及交通维护措施、安全人员等所需费用已含在综合单价中，不另行计量；如弃土点需乙方整平，增加1.0元/m3的弃土整平及临时排水、污染处理等费用。本单价为运输1km费用（包含车队管理费、车队运输协调费、利润），运输至弃土点运距10km（包干）。"]
["7","回填土","m3",1582.91,3.39,{"v":5366,"d":"5366.00"},"    清理沟槽、回填土翻晒、分层回填压实；洒水压实（含小型机具夯实）；所有与回填方有关的工作内容。","    依据图纸所示，经现场实际验收为准，按平均断面面积法计算压实的体积，按双方核定的设计（含变更设计）内的数量以立方米为单位计量；满足施工需要，回填预留下沉增加的填方量、安全防护及交通维护措施、等作为回填的附属工作，费用已含在综合单价中，不另行计量。特别说明：必须严格按照施工规范施工，确保压实度符合要求，当甲方发现回填面完工后沉降可以随时要求乙方配备压实机具压实，发生的费用由乙方承担。"]
["8","回填砂","m3",512.17,{"v":121.9,"d":"121.90"},{"v":62434,"d":"62434.00"},"    清理沟槽、回填山砂、分层回填压实；洒水压实（含小型机具夯实）；所有与回填方有关的工作内容。","    依据图纸所示，经现场实际验收为准，按平均断面面积法计算压实的体积，按双方核定的设计（含变更设计）内的数量以立方米为单位计量；满足施工需要，回填预留下沉增加的填方量、安全防护及交通维护措施、等作为回填的附属工作，费用已含在综合单价中，不另行计量。特别说明：必须严格按照施工规范施工，确保压实度符合要求，当甲方发现回填面完工后沉降可以随时要求乙方配备压实机具压实，发生的费用由乙方承担。"]
["9","道路基层恢复","m3",208.11,{"v":50.0852275,"d":"50.09"},{"v":10423,"d":"10423.00"},"检查和清理下承层、洒水湿润；模板制作、架设、安装、修理、拆除；混凝土浇筑、振捣、真空吸水、抹平、压（刻）纹， 养护；切缝、 灌缝；初期养护等有关的工作内容。","依据图纸所示位置及断面尺寸，并经现场实际验收合格按双方核定的设计（含变更设计）内的数量以立方米为单位计量；除混凝土由甲方提供外，所有人工、设备（含吊车、挖机、天泵、地泵、发电机及施工用电设施、台车等）、安全防护等均由乙方提供及实施，费用已含在综合单价中，不另行计量。"]
["10","恢复AC-13 CSBS改性细粒式沥青混凝土","m3",48.66,{"v":1043.1,"d":"1043.10"},{"v":50757,"d":"50757.00"},"检查和清理中面层；铺设粘层；沥青混凝土摊铺、压实， 养护；初期养护等有关的工作内容。","依据图纸所示位置及断面尺寸，并经现场实际验收合格按双方核定的设计（含变更设计）内的数量以立方米为单位计量；所有人工、材料、设备（含吊车、挖机、压路机、发电机及施工用电设施、台车等）、安全防护等均由乙方提供及实施，除管材由甲方提供，费用已含在综合单价中，不另行计量。"]
["11","恢复AC-20C中粒式沥青混凝土","m3",57.98,917.28,{"v":53184,"d":"53184.00"},"检查和清理上基层；铺设粘层；沥青混凝土摊铺、压实， 养护；初期养护等有关的工作内容。","依据图纸所示位置及断面尺寸，并经现场实际验收合格按双方核定的设计（含变更设计）内的数量以立方米为单位计量；所有人工、材料、设备（含吊车、挖机、压路机、发电机及施工用电设施、台车等）、安全防护等均由乙方提供及实施，除管材由甲方提供，费用已含在综合单价中，不另行计量。"]
["12","人行道地砖铺设","m2",{"v":600,"d":"600.00"},{"v":35.7,"d":"35.70"},{"v":21420,"d":"21420.00"},"场地平整；台阶整形；素砼浇筑；砂浆制备、铺筑、调平；火烧板搬运、铺贴；场地清理等所有与人行道块料铺设有关的工作内容。"," 依据图纸所示位置及断面尺寸，并经现场实际验收合格按双方核定的设计（含变更设计）内的数量以平方米为单位计量；除火烧板由甲方提供，其余所有材料（含砂浆）、设备、安全防护设施等均由乙方提供及实施，费用已含在综合单价中，不另行计量。"]
["13","C30混凝土路缘石","m",{"v":50,"d":"50.00"},112.67,{"v":5634,"d":"5634.00"},"     场地平整；台阶整形；素砼浇筑；砂浆制备、铺筑、调平；预制砖块搬运、砌筑；场地清理等所有与人行道有关的工作内容。"," 依据图纸所示位置及断面尺寸，并经现场实际验收合格按双方核定的设计（含变更设计）内的数量以米为单位计量；C30混凝土砖、（含水泥砂浆）、设备、安全防护设施等均由乙方提供及实施，除管材由甲方提供，其余费用已含在综合单价中，不另行计量。"]
["14","150×400×800 芝麻白花岗岩路缘石","m",{"v":50,"d":"50.00"},{"v":175.5,"d":"175.50"},{"v":8775,"d":"8775.00"},"     场地平整；台阶整形；素砼浇筑；砂浆制备、铺筑、调平；砖块搬运、砌筑；场地清理等所有与人行道有关的工作内容。"," 依据图纸所示位置及断面尺寸，并经现场实际验收合格按双方核定的设计（含变更设计）内的数量以米为单位计量；花岗岩路缘石、（含水泥砂浆）、设备、安全防护设施等均由乙方提供及实施，除管材由甲方提供，其余费用已含在综合单价中，不另行计量。"]
["3、雨水部分",{"$nulls":4},{"v":0,"d":"0.00"}]
[15,"雨水管DN300（钢筋混凝土管）","m",{"v":250,"d":"250.00"},21.28,{"v":5320,"d":"5320.00"},"   场地清理；围堰、排水，基坑支护；防水措施;管材运输、卸车、安装、连接等所有与管节安装有关的工作内容。","    依据图纸所示位置及断面尺寸，并经现场实际验收合格按双方核定的设计（含变更设计）内的数量以米为单位计量；雨水管DN300（钢筋混凝土管）由甲方提供外所有设备（含吊车、挖机及施工用电设施等）、安全防护等均由乙方提供及实施，费用已含在综合单价中，不另行计量。"]
["4、污水部分",{"$nulls":4},{"v":0,"d":"0.00"}]
[16,"污水管DN300（HDPE缠绕结构B型管）","m",{"v":741,"d":"741.00"},5.18,{"v":3838,"d":"3838.00"},"   场地清理；围堰、排水，基坑支护；防水措施;管材运输、卸车、安装、连接等所有与管节安装有关的工作内容。","    依据图纸所示位置及断面尺寸，并经现场实际验收合格按双方核定的设计（含变更设计）内的数量以米为单位计量；污水管DN300（HDPE缠绕结构B型管）由甲方提供外所有设备（含吊车、挖机及施工用电设施等）、安全防护等均由乙方提供及实施，费用已含在综合单价中，不另行计量。"]
[17,"污水检查井（钢筋砼φ1000）H暂按2m","座",{"v":22,"d":"22.00"},{"v":2442.73,"d":"2,442.73"},{"v":53740,"d":"53740.00"},"基槽开挖；浇筑砼垫层，装卸运输、预埋；井孔口圈和井盖安装；基坑回填土，夯实；清理，弃方处理等所有与本项有关的内容。","依据图纸所示位置和规格、型号，经现场实际验收合格按双方核定的设计（含变更设计）内的数量以座为单位计量；所有材料、人工、机械设备、进出车辆冲洗、安全防护设施、井内垃圾清运等均由乙方提供及实施，费用已含在综合单价中，不另计量。"]
[18,"污水检查井（钢筋砼φ1250）H暂按3m","座",{"v":5,"d":"5.00"},{"v":3261.71,"d":"3,261.71"},{"v":16309,"d":"16309.00"},"基槽开挖；浇筑砼垫层，装卸运输、预埋；井孔口圈和井盖安装；基坑回填土，夯实；清理，弃方处理等所有与本项有关的内容。","依据图纸所示位置和规格、型号，经现场实际验收合格按双方核定的设计（含变更设计）内的数量以座为单位计量；所有材料、人工、机械设备、进出车辆冲洗、安全防护设施、井内垃圾清运等均由乙方提供及实施，费用已含在综合单价中，不另计量。"]
[19,"井盖提升(20cm)","个",{"v":30,"d":"30.00"},402.89,{"v":12087,"d":"12087.00"},"井盖老井切割、破碎、砌筑井座、安放井盖","依据图纸所示位置和规格、型号，经现场实际验收合格按双方核定的设计（含变更设计）内的数量以座为单位计量；所有材料、人工、机械设备、进出车辆冲洗、安全防护设施、井内垃圾清运等均由乙方提供及实施，除管材由甲方提供，其余费用已含在综合单价中，不另计量。"]
[20,"混凝土井筒0.4m","个",{"v":20,"d":"20.00"},200.08,{"v":4002,"d":"4002.00"},"混凝土井筒采购、运输、卸车、安装","依据图纸所示位置和规格、型号，经现场实际验收合格按双方核定的设计（含变更设计）内的数量以座为单位计量；所有材料、人工、机械设备、进出车辆冲洗、安全防护设施、井内垃圾清运等均由乙方提供及实施，除管材由甲方提供，其余费用已含在综合单价中，不另计量。"]
[21,"吸粪车","车次",{"v":10,"d":"10.00"},{"v":660,"d":"660.00"},{"v":6600,"d":"6600.00"},"主要用于清理城市下水道，管道内的沉积物，死角泥沟的疏通也用于清洗工业排液管道，壁面等所有与之有关的工作内容","因场地需要，租用吸粪车，含人工费，根据市场询价计入"]
["合计",{"$nulls":4},{"v":378583,"d":"378583.00"}]
["备注：本次拟招标项目要求施工队必须配备足够的现场技术人员；乙方在施工过程中必须满足当地的水保、环保要求，配备相应的环保设施；各施工队在中标进场前必须提供对劳务及工作人员进行投保，投保险种：无记名，人身意外伤害险，保险额伤亡险不低60万元，伤害险不低于10万元。机动车辆要求必须投保强制性保险和第三责任险（100万元以上），结算时提供保险单据原件备查，复印件作为结算附件资料。\n上述因素所产生的费用包含在综合单价内。\n特别说明：\n1、以上综合单价均包含税金（乙方须向甲方提供正式的“增值税专用发票”、发票税目为“工程服务”，发票税率为“9%”；开具税票所需缴纳的一切税费由乙方自行承担)。\n2、上述单价包含安全及文明施工费（安全帽、工作服、标志标牌等，现场工作人员人身保险费、交通疏导、交通安全维护等）。\n3、上述项目单价已充分考虑本项目的施工特点（如机械使用低、二次装运、可能会出现的窝工和误工等费用），因此在项目实施中不考虑任何原因的费用和工期索赔。\n4、本项目为交钥匙工程，乙方完成本项目后，必须经过业主、监理、行业等部门的验收。"]